000 00537nam a2200181Ia 4500
008 131103s9999 xx 000 0 und d
020 _a520043065
040 _aLoreto College
041 _aEnglish
082 _a883.08/COL/883.08/REA
_bLCLIB/40321
245 _aCollected ancient Greek novels
_cedited by B.P.Reardon
260 _aBerkeley
_bUniversity Of California Press
_c1989
300 _aviii,826 p.
_c 22 cm.
504 _aIncludes bibliographical references
700 _aReardon,B.P.,ed.
850 _aLCLIB
942 _cBK
999 _c5910
_d56389